Normal view
MARC view
- أحداث 11 سبتمبر، 2001 - الولايات المتحدة الامريكية - العلاقات الخارجية
Entry Topical Term
001 - CONTROL NUMBER
- control field: 20763
003 - CONTROL NUMBER IDENTIFIER
- control field: JO-AjAnu
005 - DATE AND TIME OF LATEST TRANSACTION
- control field: 20230606073616.0
008 - FIXED-LENGTH DATA ELEMENTS
- fixed length control field: 230606|| aca||aabn | a|a d
040 ## - CATALOGING SOURCE
- Original cataloging agency: JO-AjAnu
- Transcribing agency: JO-AjAnu
150 ## - HEADING--TOPICAL TERM
- Topical term or geographic name entry element: أحداث 11 سبتمبر، 2001 - الولايات المتحدة الامريكية - العلاقات الخارجية
670 ## - SOURCE DATA FOUND
- Source citation: Work cat.: (JO-AjAnu)10665: خماش، نبال, author 20762, إمبراطورية الأكاذيب : مصطلحات الخداع الأمريكي بعد أحداث 11 / أيلول